Rent review (Record no. 80041)

MARC details
000 -LEADER
fixed length control field 01235cab a22002535a 4500
001 - CONTROL NUMBER
control field L143052
008 - FIXED-LENGTH DATA ELEMENTS--GENERAL INFORMATION
fixed length control field 070904s2008 xxkd f v 000 0 eng d
035 ## - SYSTEM CONTROL NUMBER
System control number (Sirsi) u143052
041 0# - LANGUAGE CODE
Language code of text/sound track or separate title eng
100 1# - MAIN ENTRY--PERSONAL NAME
Personal name Dowden, Malcolm
245 00 - TITLE STATEMENT
Title Rent review
Remainder of title 2007 update
260 ## - PUBLICATION, DISTRIBUTION, ETC.
Date of publication, distribution, etc. 2007
490 #0 - SERIES STATEMENT
Series statement Journal of Property Investment and Finance
Volume/sequential designation 26(2) 2008, 182-184(3)
520 ## - SUMMARY, ETC.
Summary, etc. Provides a law briefing discussing key cases and trends in commercial rent reviews. Finds that the key issues remain how strictly the mechanisms of rent review should be applied, and to what extent rent review clauses should reflect the presumption in favour of reality. (See also L140100 and L132476).
590 ## - LOCAL NOTE (RLIN)
Local note KA
650 24 - SUBJECT ADDED ENTRY--TOPICAL TERM
Topical term or geographic name entry element UNITED SCIENTIFIC HOLDINGS LTD V BURNLEY BC
650 24 - SUBJECT ADDED ENTRY--TOPICAL TERM
Topical term or geographic name entry element STARMARK ENTERPRISES LTD V CPL DISTRIBUTION LIMITED SECRETARY OF STATE FOR COMMUNITIES AND LOCAL GOVERNMENT V STANDARD SECURITIES LTD
650 24 - SUBJECT ADDED ENTRY--TOPICAL TERM
Topical term or geographic name entry element COORS HOLDINGS LTD V DOW PROPERTIES LTD
650 24 - SUBJECT ADDED ENTRY--TOPICAL TERM
Topical term or geographic name entry element ST MARTINS PROPERTY INVESTMENTS V CABLE AND WIRELESS
650 24 - SUBJECT ADDED ENTRY--TOPICAL TERM
Topical term or geographic name entry element CADOGAN AND ANOTHER V ESCADA AG AND OTHERS
651 #4 - SUBJECT ADDED ENTRY--GEOGRAPHIC NAME
Geographic name United Kingdom
Chronological subdivision
690 ## - LOCAL SUBJECT ADDED ENTRY--TOPICAL TERM (OCLC, RLIN)
Topical term or geographic name as entry element PROPERTY-COMMERCIAL PROPERTY-COMMERCIAL LANDLORD AND TENANT-COMMERCIAL LEASES
942 ## - ADDED ENTRY ELEMENTS (KOHA)
Suppress in OPAC 0
Holdings
Withdrawn status Lost status Source of classification or shelving scheme Damaged status Not for loan Home library Current library Shelving location Date acquired Total Checkouts Full call number Barcode Date last seen Copy number Price effective from Koha item type
    Dewey Decimal Classification     London London Journal article 04/04/2008   L143052 143052-1001 06/08/2019 1 06/08/2019 Journal article